| Tag |
First Indicator |
Second Indicator |
Subfields |
| LEADER |
00000pam a2200000 a 4500 |
| 001 |
in00000336995 |
| 005 |
20151011053852.0 |
| 008 |
820715s1982 ctu b 00100 eng |
| 010 |
|
|
|a 82012002
|
| 020 |
|
|
|a 0313236364 (lib. bdg.)
|
| 035 |
|
|
|a (OCoLC)08668488
|
| 035 |
|
|
|9 ABL8549AM
|
| 039 |
0 |
|
|a 2
|b 3
|c 3
|d 3
|e 3
|
| 040 |
|
|
|a DLC
|c DLC
|d TXA
|d UtOrBLW
|
| 043 |
|
|
|a ew-----
|a a-ja---
|
| 049 |
|
|
|a TXAM
|c [987828]
|
| 050 |
0 |
0 |
|a JN94
|b A3 1982
|
| 082 |
0 |
|
|a 321.09
|2 19
|
| 245 |
0 |
0 |
|a From dictatorship to democracy :
|b coping with the legacas printed] and totalitatianism /
|c edited by John H. Herz.
|
| 264 |
|
1 |
|a Westport, Conn. :
|b Greenwood Press,
|c 1982.
|
| 300 |
|
|
|a xii, 311 pages ;
|c 24 cm.
|
| 336 |
|
|
|a text
|b txt
|2 rdacontent
|
| 337 |
|
|
|a unmediated
|b n
|2 rdamedia
|
| 338 |
|
|
|a volume
|b nc
|2 rdacarrier
|
| 490 |
1 |
|
|a Contributions in political science,
|x 0147-1066 ;
|v no. 92. Global perspectives in history and politics
|
| 500 |
|
|
|a Includes index.
|
| 504 |
|
|
|a Bibliography: pages [293]-295.
|
| 505 |
0 |
|
|a Introduction / by John H. Herz -- Denazification and related policies / John H. Herz -- Political reconstruction at Bonn / Karlheinz Niclauss -- Non-state organizations and the problems of redemocratization / Michael Fichter -- Coming to terms with the Nazi past / Jutta-B. Lange- Quassowski -- Italy / Giuseppe DiPalma -- How Austria has coped with two dictatorial legacies / Frederick C. Englemann -- France, from Vichy to the Fourth Republic / Roy C. Macridis -- Japan sheds dictatorship / Arthur E. Tiedemann -- Spain and its Francoist heritage / Edward Malefakis -- The emergence of Portuguese democracy / Kenneth Maxwell -- Greece, from the colonels' rule to democracy / Harry J. Psomiades -- Conclusion / John H. Herz.
|
| 650 |
|
0 |
|a Authoritarianism.
|
| 650 |
|
0 |
|a Democracy.
|
| 651 |
|
0 |
|a Europe
|x Politics and government
|y 1945-
|
| 651 |
|
0 |
|a Japan
|x Politics and government
|y 1945-
|
| 700 |
1 |
|
|a Herz, John H.,
|d 1908-2005.
|
| 830 |
|
0 |
|a Contributions in political science ;
|v no. 92.
|
| 830 |
|
0 |
|a Contributions in political science.
|p Global perspectives in history and politics.
|
| 999 |
|
|
|a MARS
|
| 999 |
f |
f |
|s 88a4bdd4-ec90-3bba-b7f4-6e7ae29cb7e8
|i 3597d71f-7b69-312a-9239-b2c4f7ada5dc
|t 0
|
| 952 |
f |
f |
|p ric
|a Texas A&M University
|b Rellis Campus
|c Joint Library Facility
|d Remote Storage
|t 0
|e JN94 A3 1982
|h Library of Congress classification
|i unmediated -- volume
|m A14807309630
|
| 998 |
f |
f |
|a JN94 A3 1982
|t 0
|l Remote Storage
|